Central Library OPAC University of Rajshahi

Handbook of applied developmental science : (Record no. 35026)

MARC details
000 -LEADER
fixed length control field 01967nam a22003374a 4500
001 - CONTROL NUMBER
control field 35026
003 - CONTROL NUMBER IDENTIFIER
rucl marc code BD-RjUL
005 - DATE AND TIME OF LATEST TRANSACTION
control field 20211209052240.0
008 - FIXED-LENGTH DATA ELEMENTS--GENERAL INFORMATION
fixed length control field 140520s2003 cau b 001 0 eng
020 ## - INTERNATIONAL STANDARD BOOK NUMBER
International Standard Book Number 0761922784 (cloth : acidfree paper : set)
035 ## - SYSTEM CONTROL NUMBER
System control number (BD-RjUL)35120
040 ## - CATALOGING SOURCE
Original cataloging agency DLC
Transcribing agency DLC
Modifying agency DLC
-- BD-RjUL
Language of cataloging eng
041 ## - LANGUAGE CODE
Language code of text/sound track or separate title eng
082 00 - DEWEY DECIMAL CLASSIFICATION NUMBER
Classification number 305.231
Edition number 21
Author mark and year HAN V-1 2003
245 00 - TITLE STATEMENT
Title Handbook of applied developmental science :
Remainder of title promoting positive child, adolescent, and family development through research, policies, and programs /
Statement of responsibility, etc. editors, Richard M. Lerner, Francine Jacobs, Donald Wertlieb.
Number of part/section of a work Volume 1 :
Name of part/section of a work Applying Development Science For Youth And Families ; Historical And Theoritical Foundation.
260 ## - PUBLICATION, DISTRIBUTION, ETC. (IMPRINT)
Place of publication, distribution, etc. Thousand Oaks, Calif. :
Name of publisher, distributor, etc. Sage Publications,
Date of publication, distribution, etc. c2003.
300 ## - PHYSICAL DESCRIPTION
Pagination xxvi, 548 p. ;
Size 27 cm.
504 ## - BIBLIOGRAPHY, ETC. NOTE
Bibliography, etc Includes bibliographical references and indexes.
505 0# - FORMATTED CONTENTS NOTE
Formatted contents note v. 1. Applying developmental science for youth and families : historical and theoretical foundations -- v. 2. Enhancing the life choices of youth and families : contributions of programs, policies, and service systems -- v. 3. Promoting positive youth and family development : community systems, citizenship, and civil society -- v. 4. Adding value to youth and family development : the engaged university and professional and academic outreach.
650 #0 - SUBJECT ADDED ENTRY--TOPICAL TERM
Topical term or geographic name as entry element Child development.
9 (RLIN) 106665
Topical term or geographic name as entry element Adolescence.
9 (RLIN) 106666
700 1# - ADDED ENTRY--PERSONAL NAME
Personal name Lerner, Richard M.
Personal name Jacobs, Francine.
Personal name Wertlieb, Donald.
856 42 - ELECTRONIC LOCATION AND ACCESS
Materials specified Publisher description
Uniform Resource Identifier <a href="http://www.loc.gov/catdir/enhancements/fy0658/2002011869-d.html">http://www.loc.gov/catdir/enhancements/fy0658/2002011869-d.html</a>
Materials specified Table of contents only
Uniform Resource Identifier <a href="http://www.loc.gov/catdir/enhancements/fy0658/2002011869-t.html">http://www.loc.gov/catdir/enhancements/fy0658/2002011869-t.html</a>
Materials specified Contributor biographical information
Uniform Resource Identifier <a href="http://www.loc.gov/catdir/enhancements/fy0739/2002011869-b.html">http://www.loc.gov/catdir/enhancements/fy0739/2002011869-b.html</a>
942 ## - ADDED ENTRY ELEMENTS (KOHA)
Source of classification or shelving scheme Dewey Decimal Classification
Koha item type Books
Holdings
Lost status Source of classification or shelving scheme Damaged status Not for loan Collection code Permanent Location Current Location Shelving location Date acquired Source of acquisition Cost, normal purchase price Total Checkouts Full call number Date last seen Copy number Koha item type
  Dewey Decimal Classification     Non-fiction Central Library, University of Rajshahi Central Library, University of Rajshahi   31/08/2009 Ahsania Mission Book Dist. 42425.50   305.231 HAN V-1 2003 20/05/2014 C-2 Books